| 000 | 00462nam a2200169Ia 4500 | ||
|---|---|---|---|
| 008 | 231221s9999 xx 000 0 und d | ||
| 041 | _aEnglish | ||
| 082 | _a647.9 DAH;1 R | ||
| 100 | _aDahmer, Sondra J Kahl, Kurt W | ||
| 245 | 0 | _aWaiter and waitress training manual | |
| 250 | _a3rd ed. | ||
| 260 |
_c1988 _bVan Nostrand _aNew York |
||
| 300 | _axiii+158 | ||
| 650 | _aHotel Management - Training | ||
| 650 | _aWaiter,waitress,training | ||
| 942 | _cHM | ||
| 999 |
_c207535 _d207535 |
||